The sermons of John Alexander Dowie: (Record no. 14221)

000 -LEADER
fixed length control field 00987nam a2200229 a 4500
001 - CONTROL NUMBER
control field :::00012050$&:&@@
003 - CONTROL NUMBER IDENTIFIER
control field OkBaRHE
005 - DATE AND TIME OF LATEST TRANSACTION
control field 20010109114233.0
008 - FIXED-LENGTH DATA ELEMENTS--GENERAL INFORMATION
fixed length control field s1951 j 000 0 eng u
040 ## - CATALOGING SOURCE
Transcribing agency
100 1# - MAIN ENTRY--PERSONAL NAME
Personal name Lindsay, Gordon (James Gordon), 1906-1973.
245 14 - TITLE STATEMENT
Title The sermons of John Alexander Dowie:
Remainder of title champion of the faith.
260 ## - PUBLICATION, DISTRIBUTION, ETC. (IMPRINT)
Place of publication, distribution, etc Shreveport, LA., :
Name of publisher, distributor, etc Voice of Healing Publishing Company
Date of publication, distribution, etc 1951
300 ## - PHYSICAL DESCRIPTION
Extent 125 p. ;
Dimensions 19 cm.
650 ## - SUBJECT ADDED ENTRY--TOPICAL TERM
Topical term or geographic name as entry element Sermons, Pentecostal
700 ## - ADDED ENTRY--PERSONAL NAME
Personal name Dowie, John Alexander, 1847-1907.
942 ## - ADDED ENTRY ELEMENTS (KOHA)
Source of classification or shelving scheme
Koha item type Books
Copies
Shelving location Permanent Location Withdrawn status Barcode Copy number Date last seen Price effective from Koha item type Full call number Source of classification or shelving scheme Date acquired Lost status Not for loan Damaged status
General StacksRHEMA Bible Training College 1205012012-02-292010-04-14BooksBX 8769 .Z6D6 2010-04-14   
General StacksRHEMA Bible Training College 1656822010-04-142010-04-14BooksBX 8769 .Z6D6 2010-04-14   
General StacksRHEMA Bible Training College 1879332010-04-142010-04-14BooksBX 8769 .Z6D6 2010-04-14   
General StacksRHEMA Bible Training College 2065742010-04-142010-04-14BooksBX 8769 .Z6D6 2010-04-14